75 rokov prešovského geografického pracoviska
Gespeichert in:
| 1. Verfasser: | |
|---|---|
| Weitere Verfasser: | , , , , , , , , , , , , , , , , , |
| Format: | Buch |
| Sprache: | Slowakisch |
| Veröffentlicht: |
Prešov
Vydavateľstvo Prešovskej univerzity v Prešove
2024
|
| Ausgabe: | 1. vydanie |
| Schlagworte: | |
| Tags: |
Keine Tags, Fügen Sie das erste Tag hinzu!
|
MARC
| LEADER | 00000nam a2200000 4500 | ||
|---|---|---|---|
| 001 | 0306643 | ||
| 005 | 20250128110746.3 | ||
| 020 | |a 978-80-555-3297-4 | ||
| 041 | 0 | |a slo | |
| 044 | |a SK | ||
| 245 | 1 | 0 | |a 75 rokov prešovského geografického pracoviska |c Radoslav Klamár, Vladimír Čech, Anton Fogaš, Robert Ištok, Monika Ivanová, Štefan Koco, Juliana Krokusová, Alena Madziková, Kvetoslava Matlovičová, Eva Michaeli, Miloslav Michalko, Jana Michálková, Tomáš Pasternák, Martin Rosič, Vladimír Solár, Josef Vlček, Jana Vašková ; recenzenti: Eduard Lukáč, Martin Javor |
| 250 | |a 1. vydanie | ||
| 264 | 1 | |a Prešov |b Vydavateľstvo Prešovskej univerzity v Prešove |c 2024 | |
| 300 | |a 276 s. | ||
| 610 | 2 | 0 | |a geografia |
| 610 | 2 | 0 | |a história |
| 610 | 2 | 0 | |a Slovensko |
| 100 | 1 | |a Klamár, Radoslav | |
| 700 | 1 | |a Čech, Vladimír | |
| 700 | 1 | |a Fogaš, Anton | |
| 700 | 1 | |a Ištok, Robert | |
| 700 | 1 | |a Ivanová, Monika | |
| 700 | 1 | |a Koco, Štefan | |
| 700 | 1 | |a Krokusová, Juliana | |
| 700 | 1 | |a Madziková, Alena | |
| 700 | 1 | |a Matlovičová, Kvetoslava, 1971- | |
| 700 | 1 | |a Michaeli, Eva | |
| 700 | 1 | |a Michalko, Miloslav | |
| 700 | 1 | |a Michálková, Jana | |
| 700 | 1 | |a Pasternák, Tomáš | |
| 700 | 1 | |a Rosič, Martin | |
| 700 | 1 | |a Solár, Vladimír | |
| 700 | 1 | |a Vlček, Josef | |
| 700 | 1 | |a Vašková, Jana | |
| 700 | 1 | |a Lukáč, Eduard | |
| 700 | 1 | |a Javor, Martin | |
| 700 | 1 | |a Klamár, Radoslav | |
| 700 | 1 | |a Michaeli, Eva | |